000 00820nas a2200289 4500
001 BR0401269
003 BR-BrBNA
005 20231205104402.0
007 ta
008 230509b bl.|||p| |||| 00| 00por d
040 _aBR-BrBNA
_bpor
_cBiblioteca Nacional de Agricultura
041 _a(En)
072 _aF60
100 1 _aFornazier, R.F.
100 1 _aAzevedo, R.A.
100 1 _aFerreira, R.R.
100 1 _aVarisi, V.A.
245 1 _aLysine catabolism: flow, metabolic role and regulation
650 _aPLANTA
650 _aLISINA
650 _aAMINOÁCIDO
650 _aMETABOLISMO
650 _aMUTANTE
773 0 _tBrazilian Journal of Plant Physiology (Brazil)
_xISSN 1677-0420
_g(Jan-Apr 2003), v. 15(1) p. 9-18
_wBR0401269
909 _a202311
_bLúcia
_c55
_dLúcia Elande
942 _2AGRIS
_n0
_cANA
999 _c177883
_d177883